Suez ou comment la paix fut sauvee
Enregistré dans:
| Auteur principal: | |
|---|---|
| Format: | Livre |
| Langue: | Undetermined |
| Publié: |
Paris
Rene Julliard
1964
|
| Tags: |
Ajouter un tag
Pas de tags, Soyez le premier à ajouter un tag!
|
| Thư viện lưu trữ: | Trung tâm Học liệu Trường Đại học Cần Thơ |
|---|
| LEADER | 00419nam a2200157Ia 4500 | ||
|---|---|---|---|
| 001 | CTU_89633 | ||
| 008 | 210402s9999 xx 000 0 und d | ||
| 082 | |a 956 | ||
| 082 | |b R649 | ||
| 100 | |a Robertson, Terence | ||
| 245 | 0 | |a Suez ou comment la paix fut sauvee | |
| 245 | 0 | |c Terence Robertson | |
| 260 | |a Paris | ||
| 260 | |b Rene Julliard | ||
| 260 | |c 1964 | ||
| 980 | |a Trung tâm Học liệu Trường Đại học Cần Thơ | ||